|
|
|
|
| LEADER |
01048nab a2200229 i 4500 |
| 001 |
misc62001 |
| 005 |
20231012142551.0 |
| 008 |
230308s1974 hu o 0|| ger d |
| 040 |
|
|
|a SZTE Miscellanea Repozitórium
|b hun
|
| 041 |
|
|
|a ger
|
| 100 |
1 |
|
|a Poppe Nikolaj Nikolaevič
|
| 245 |
1 |
4 |
|a Zur Stellung des Tschuwaschischen
|h [elektronikus dokumentum] /
|c Poppe Nikolaj Nikolaevič
|
| 260 |
|
|
|a Harrassowitz
|b Wiesbaden
|c 1974
|
| 300 |
|
|
|a 135-147
|c 24 cm
|
| 300 |
|
|
|a [13] p.
|c 24 cm
|
| 490 |
0 |
|
|a Central Asiatic journal : international periodical for the languages, literature, history and archaeology of Central Asia;Central Asiatic journal : international periodical for the languages, literature, history and archaeology of Central Asia
|
| 561 |
|
|
|a Németh Gyula hagyaték
|
| 591 |
|
|
|a LOA 2884; NOA 4647
|
| 650 |
|
4 |
|a Bölcsészettudományok
|
| 650 |
|
4 |
|a Nyelvek és irodalom
|
| 695 |
|
|
|a Csuvas nyelvtörténet, Csuvas nyelv - alaktan, Csuvas nyelv - hangtan
|
| 856 |
4 |
0 |
|u http://misc.bibl.u-szeged.hu/62001/1/4647_noa.pdf
|z Dokumentum-elérés
|